Desarrollo de una metodología para el control de la calidad en la construcción de edificaciones
محفوظ في:
| المؤلف الرئيسي: | |
|---|---|
| التنسيق: | كتاب |
| منشور في: |
San Pedro de Montes de Oca, [C.R.]
2004
|
| الموضوعات: | |
| الوسوم: |
إضافة وسم
لا توجد وسوم, كن أول من يضع وسما على هذه التسجيلة!
|
MARC
| LEADER | 00000nam a2200000Ia 4500 | ||
|---|---|---|---|
| 003 | 009246 | ||
| 005 | 20221231144144.0 | ||
| 008 | 140114s2004 cr a m 000 ||s d | ||
| 040 | |c cru CEDI | ||
| 090 | |a TFG 4786 | ||
| 100 | |a Hasbun Camacho, Juan Diego |9 6810 | ||
| 245 | |a Desarrollo de una metodología para el control de la calidad en la construcción de edificaciones | ||
| 260 | |c 2004 |a San Pedro de Montes de Oca, [C.R.] | ||
| 300 | |a vii, 111, [10] hojas (algunas a color) | ||
| 500 | |a Proyecto de graduación (licenciatura en ingeniería civil)--Universidad de Costa Rica, Facultad de Ingeniería, Escuela de Ingeniería Civil | ||
| 650 | |x CONSTRUCCION |x CONTROL DE CALIDAD |x METODOLOGIA |9 4892 | ||
| 942 | |c TFG | ||
| 999 | |c 17697 |d 17697 | ||
